000
00331nam a2200145Ia 4500
008
221030s9999 xx 000 0 und d
041
_a
English
082
_a
105.23
_b
Wai
100
_a
M. Waite
245
0
_a
Computer Graphics Primer
260
_b
Howard & Wams
_a
USA
_c
1983
300
_a
184
650
_a
BE Computer
942
_c
BK
999
_c
974
_d
974